00807cam a22002171 4500001001300000003000400013005001700017008004100034010001700075035001800092040005400110050001700164082001500181100005800196245010900254260005700363300005800420504004100478610005300519999001700572sg 46000095 DLC20260227112748.0740227s1946 ohucfh b 000 0 eng c asg 46000095  a(OCoLC)816068 aU.S. Surg.-gen. off. Libr.cOTUdOCoLCdWU-MdDLC00aR747.W62bW3 a610.7117711 aWaite, Frederick C.q(Frederick Clayton),d1870-1956.00aWestern Reserve university centennial history of the School of medicine,cby Frederick Clayton Waite ... aCleveland,bWestern Reserve University Press,c1946. axiii, 588 p.bfront., plates, ports., facsim.c24 cm. a"References" at end of each chapter.20aWestern Reserve University.bSchool of Medicine. c90732d90732